Pokémon aus Generation 7 - Statistiken

Allgemein
  • Dieses Quiz wurde 41 mal gespielt
  • Das Durchschnittsergebnis liegt bei 53 aus 86
Antwortstatistiken
Hint Antwort % Korrekt
722 Bauz
95%
724 Silvarro
95%
725 Flamiau
85%
792 Lunala
85%
791 Solgaleo
85%
727 Fuegro
80%
785 Kapu-Riki
80%
787 Kapu-Toro
80%
726 Miezunder
80%
728 Robball
80%
763 Fruyal
75%
786 Kapu-Fala
75%
800 Necrozma
75%
737 Akkup
70%
741 Choreogel
70%
789 Cosmog
70%
764 Curelei
70%
762 Frubaila
70%
788 Kapu-Kime
70%
734 Mangunior
70%
778 Mimigma
70%
750 Pampross
70%
731 Peppeck
70%
730 Primarene
70%
733 Tukanon
70%
745 Wolwerock
70%
744 Wuffels
70%
758 Amfira
65%
723 Arboretoss
65%
790 Cosmovum
65%
761 Frubberl
65%
784 Grandiras
65%
806 Kopplosio
65%
736 Mabula
65%
729 Marikeck
65%
802 Marshadow
65%
782 Miniras
65%
757 Molunk
65%
799 Schlingking
65%
772 Typ:Null
65%
803 Venicro
65%
773 Amigento
60%
738 Donarion
60%
765 Kommandutan
60%
746 Lusardin
60%
783 Mediras
60%
805 Muramura
60%
749 Pampuli
60%
767 Reißlaus
60%
769 Sankabuh
60%
795 Schabelle
60%
768 Tectass
60%
777 Togedemaru
60%
732 Trompeck
60%
804 Agoyon
55%
793 Anego
55%
743 Bandelby
55%
753 Imantis
55%
797 Kaguron
55%
798 Katagami
55%
779 Knirfish
55%
740 Krawell
55%
794 Masskito
55%
776 Tortunator
55%
796 Voltriant
55%
807 Zeraora
55%
748 Aggrostella
50%
752 Aranestro
50%
751 Araqua
50%
770 Colossand
50%
747 Garstella
50%
760 Kosturso
50%
739 Krabbox
50%
801 Magearna
50%
754 Mantidea
50%
781 Moruda
50%
780 Sen-Long
50%
759 Velursi
50%
742 Wommel
50%
755 Bubungus
45%
775 Koalelu
45%
756 Lamellux
45%
766 Quartermak
45%
771 Gufa
40%
774 Meteno
40%
735 Manuspektor
30%
Keine übereinstimmenden Quizze gefunden
Verteilung der Resultate
Anzahl Personen mit jedem Resultat
Perzentil nach korrekt beantworteten Fragen
Ihre Resultats-Entwicklung
Sie haben dieses Quiz noch nicht gespielt